País que tem fronteira apenas com um país - Statistics

Estatísticas Gerais
  • Esse quiz foi jogado 283 vezes
  • A pontuação média é 11 de 17
Estatísticas das Respostas
Pais % Correto
Portugal
90%
Canada
88%
Coreia do Sul
83%
Lesoto
78%
Vaticano
78%
Irlanda
77%
San Marino
75%
Haiti
73%
Republica Dominicana
70%
Monaco
64%
Dinamarca
63%
Reino Unido
62%
Papua Nova-Guine
58%
Timor Leste
53%
Brunei
52%
Gambia
46%
Qatar
8%
Nenhum quiz correspondente encontrado
Distribuição das Pontuações
Porcentagem de Pessoas com Cada Pontuação
Percentil de Números Respondidos
Sua Pontuação Histórica
Você não jogou esse quiz